[Event "GER-chT U10"]
[Site "Magdeburg"]
[Date "2015.12.29"]
[Round "7.1"]
[White "Zores, Kai"]
[Black "Pietsch, Julius"]
[Result "1-0"]
[WhiteElo "1053"]
[BlackElo "1344"]
[PlyCount "104"]
[EventDate "2015.12.27"]
[EventType "team-swiss"]
[EventRounds "7"]
[EventCountry "GER"]
[SourceTitle "EXT 2017"]
[Source "ChessBase"]
[SourceDate "2016.10.25"]
[SourceVersion "1"]
[SourceVersionDate "2016.10.25"]
[SourceQuality "1"]
[WhiteTeam "Hamburger SK III"]
[BlackTeam "Halle Roter Turm"]
[WhiteTeamCountry "GER"]
[BlackTeamCountry "GER"]

1. e4 c5 2. Nf3 Nc6 3. Nc3 Nf6 4. d3 d6 5. Be3 e5 6. Nd5 Be6 7. c4 Be7 8. g3 0-0 9. Bg2 Nd4 10. 0-0 Re8 11. Bxd4 cxd4 12. Qb3 Rb8 13. Rfc1 Qd7 14. Qa3 b6 15. Qa6 Nxd5 16. cxd5 Bg4 17. Rc2 Bxf3 18. Bxf3 Bg5 19. Bg2 Rec8 20. Rxc8+ Rxc8 21. a4 h6 22. a5 bxa5 23. Qxa5 Rc2 24. b4 Rb2 25. Qa3 Rd2 26. Qa6 Qe7 27. b5 Qf6 28. Rf1 Rxd3 29. b6 axb6 30. Qxd3 Qd8 31. Ra1 Qb8 32. Qa6 Qc7 33. Bh3 Qc3 34. Qc8+ Kh7 35. Qxc3 dxc3 36. Ra2 b5 37. Bf1 b4 38. Bc4 Kg6 39. Kf1 f5 40. f3 fxe4 41. fxe4 Be3 42. Ke2 Bc5 43. Ra5 Kf6 44. Rxc5 dxc5 45. Kd3 g6 46. Bb3 Ke7 47. Kc4 Kd6 48. h3 h5 49. Ba4 g5 50. h4 g4 51. Kb5 Kc7 52. Kxc5 Kd8 1-0

[Event "GER-chT U10"]
[Site "Magdeburg"]
[Date "2015.12.28"]
[Round "3.1"]
[White "Pietsch, Julius"]
[Black "Pflugradt, Natalie"]
[Result "1/2-1/2"]
[WhiteElo "1344"]
[BlackElo "1274"]
[PlyCount "92"]
[EventDate "2015.12.27"]
[EventType "team-swiss"]
[EventRounds "7"]
[EventCountry "GER"]
[SourceTitle "EXT 2017"]
[Source "ChessBase"]
[SourceDate "2016.10.25"]
[SourceVersion "1"]
[SourceVersionDate "2016.10.25"]
[SourceQuality "1"]
[WhiteTeam "Halle Roter Turm"]
[BlackTeam "Stadtilm Blau Weiss"]
[WhiteTeamCountry "GER"]
[BlackTeamCountry "GER"]

1. e4 e5 2. Nf3 Nc6 3. Bc4 Bc5 4. Nc3 Nf6 5. d3 h6 6. 0-0 d6 7. h3 Be6 8. Bb3 Qd7 9. Be3 Bb6 10. Re1 0-0-0 11. Bxb6 axb6 12. Bxe6 Qxe6 13. Qd2 g5 14. Qe3 g4 15. Nd2 gxh3 16. Qxh3 Qxh3 17. gxh3 Rhg8+ 18. Kh2 Nd4 19. Rec1 d5 20. a4 Nc6 21. Rg1 dxe4 22. Ndxe4 Nxe4 23. Nxe4 Nd4 24. Rxg8 Rxg8 25. Rc1 Nf3+ 26. Kh1 f5 27. Ng3 f4 28. Ne4 Ng5 29. Rg1 Re8 30. Nxg5 hxg5 31. Rxg5 e4 32. h4 e3 33. fxe3 fxe3 34. Rg1 e2 35. Re1 Rh8 36. Rxe2 Rxh4+ 37. Kg1 Rxa4 38. b3 Ra7 39. Kf2 Kd7 40. Ke3 c5 41. Kd2 Kd6 42. Kc3 b5 43. b4 Ra3+ 44. Kb2 cxb4 45. Re4 Ra4 46. Kb3 Kc5 1/2-1/2

[Event "GER-chT U10"]
[Site "Magdeburg"]
[Date "2015.12.27"]
[Round "1.1"]
[White "Pietsch, Julius"]
[Black "Derling, Charlotte"]
[Result "1-0"]
[WhiteElo "1344"]
[BlackElo "925"]
[PlyCount "49"]
[EventDate "2015.12.27"]
[EventType "team-swiss"]
[EventRounds "7"]
[EventCountry "GER"]
[SourceTitle "EXT 2017"]
[Source "ChessBase"]
[SourceDate "2016.10.25"]
[SourceVersion "1"]
[SourceVersionDate "2016.10.25"]
[SourceQuality "1"]
[WhiteTeam "Halle Roter Turm"]
[BlackTeam "Halle Roter Turm II"]
[WhiteTeamCountry "GER"]
[BlackTeamCountry "GER"]

1. e4 e5 2. Nf3 Nc6 3. Bc4 f6 4. Nc3 Bb4 5. 0-0 Nge7 6. a3 Bc5 7. d3 d6 8. h3 Na5 9. Ba2 Nac6 10. Be3 Bxe3 11. fxe3 f5 12. Ng5 Rf8 13. Qh5+ Ng6 14. Nxh7 Nce7 15. Nxf8 Kxf8 16. exf5 Bxf5 17. e4 Qd7 18. exf5 Nxf5 19. Qxg6 Re8 20. Rxf5+ Qxf5 21. Qxf5+ Ke7 22. Qf7+ Kd8 23. Nd5 Re7 24. Qxe7+ Kc8 25. Qe8# 1-0

[Event "GER-ch U10"]
[Site "Willingen"]
[Date "2015.05.30"]
[Round "11"]
[White "Orlova, Alicia"]
[Black "Pietsch, Julius"]
[Result "0-1"]
[WhiteElo "1110"]
[BlackElo "1202"]
[PlyCount "126"]
[EventDate "2015.05.24"]
[EventType "swiss"]
[EventRounds "11"]
[EventCountry "GER"]
[SourceTitle "CBM 166 Extra"]
[Source "ChessBase"]
[SourceDate "2015.06.18"]
[SourceVersion "1"]
[SourceVersionDate "2015.06.18"]
[SourceQuality "1"]

1. e4 c5 2. Nc3 d6 3. g3 Nf6 4. Bg2 e5 5. d3 Be7 6. f4 0-0 7. f5 Nc6 8. Nf3 b6 9. 0-0 Bb7 10. h3 Nd4 11. Ne2 Rc8 12. c3 Nc6 13. Kh2 Qd7 14. g4 Rfd8 15. Bd2 h5 16. gxh5 Nxh5 17. Qe1 Ba6 18. c4 Nd4 19. Nfxd4 cxd4 20. Ng3 Bh4 21. Kg1 Bxg3 22. Qe2 Nf6 23. Bg5 Qe7 24. Bxf6 Qxf6 25. Qg4 Bf4 26. Bf3 Qg5 27. Qxg5 Bxg5 28. Kh1 Bf4 29. Rg1 f6 30. Rg4 Be3 31. Re1 b5 32. b3 bxc4 33. bxc4 Rb8 34. Re2 Rb1+ 35. Kg2 Rg1+ 36. Kh2 Rxg4 37. Bxg4 Rb8 38. h4 Bc8 39. Kg3 Rb1 40. Rc2 Rg1+ 41. Rg2 Rxg2+ 42. Kxg2 g6 43. h5 gxf5 44. Bxf5 Bxf5 45. exf5 Kh7 46. Kf3 Kh6 47. Ke4 Kxh5 48. Kd5 Kg5 49. Kxd6 Kxf5 50. c5 Bd2 51. c6 Ba5 52. c7 Bxc7+ 53. Kxc7 Ke6 54. Kb7 a5 55. a4 f5 56. Kb6 f4 57. Kxa5 f3 58. Kb6 f2 59. a5 f1Q 60. a6 Qb1+ 61. Ka7 Kd7 62. Ka8 Kc7 63. a7 Qb7# 0-1

[Event "GER-ch U10"]
[Site "Willingen"]
[Date "2015.05.25"]
[Round "3"]
[White "Pubantz, Jan"]
[Black "Pietsch, Julius"]
[Result "1-0"]
[WhiteElo "1363"]
[BlackElo "1202"]
[PlyCount "121"]
[EventDate "2015.05.24"]
[EventType "swiss"]
[EventRounds "11"]
[EventCountry "GER"]
[SourceTitle "CBM 166 Extra"]
[Source "ChessBase"]
[SourceDate "2015.06.18"]
[SourceVersion "1"]
[SourceVersionDate "2015.06.18"]
[SourceQuality "1"]

1. e4 c5 2. Nc3 d6 3. f4 Nf6 4. Nf3 e6 5. Bb5+ Bd7 6. Bc4 a6 7. a3 Be7 8. d3 0-0 9. 0-0 b5 10. Ba2 Bc6 11. Qe1 Qc7 12. Qg3 Kh8 13. Ng5 Bd7 14. Qh4 h6 15. f5 Qc8 16. Nf3 Nc6 17. Bxh6 gxh6 18. Qxh6+ Nh7 19. h4 exf5 20. Nd5 Bd8 21. Nb6 Qb7 22. Nxa8 Qxa8 23. Qxd6 Qc8 24. Qxc5 fxe4 25. dxe4 Qb8 26. Kh1 Qb6 27. Qxb6 Bxb6 28. Rad1 Bg4 29. Rd6 Rc8 30. Bd5 Nd4 31. Rxb6 Nxf3 32. gxf3 Bh3 33. Rf2 Kg7 34. Rxa6 Nf6 35. Bc6 Rb8 36. Ra5 b4 37. Rb5 Rc8 38. Bb7 Rh8 39. e5 Nd7 40. Rxb4 Nxe5 41. Kh2 Be6 42. Ba6 Nc6 43. Rb6 Rxh4+ 44. Kg3 Rh3+ 45. Kg2 Rh6 46. Bd3 Ne5 47. Rb5 Nd7 48. a4 Nf6 49. Be4 Ne8 50. a5 Nc7 51. Rb6 Kf8 52. Bf5 Ke7 53. Bxe6 Nxe6 54. Rd2 Rg6+ 55. Kf2 Rg8 56. a6 Ra8 57. Rb7+ Ke8 58. a7 Nd8 59. Rxd8+ Kxd8 60. Rb8+ Rxb8 61. axb8Q+ 1-0

[Event "GER-ch U10"]
[Site "Willingen"]
[Date "2015.05.24"]
[Round "1"]
[White "Musiolik, David"]
[Black "Pietsch, Julius"]
[Result "1/2-1/2"]
[WhiteElo "1629"]
[BlackElo "1202"]
[PlyCount "118"]
[EventDate "2015.05.24"]
[EventType "swiss"]
[EventRounds "11"]
[EventCountry "GER"]
[SourceTitle "CBM 166 Extra"]
[Source "ChessBase"]
[SourceDate "2015.06.18"]
[SourceVersion "1"]
[SourceVersionDate "2015.06.18"]
[SourceQuality "1"]

1. e4 c5 2. Nf3 d6 3. Nc3 Nf6 4. Bc4 a6 5. a4 e6 6. d4 cxd4 7. Nxd4 Be7 8. 0-0 0-0 9. Be3 Nc6 10. Qd2 Nxd4 11. Bxd4 Qc7 12. Bb3 Bd7 13. Rfe1 Rac8 14. Rad1 Rfd8 15. Qe3 Qc6 16. f3 h6 17. Kh1 Re8 18. e5 dxe5 19. Bxe5 Rcd8 20. a5 Kh8 21. Ba4 Qc8 22. Bxd7 Rxd7 23. Rxd7 Qxd7 24. Ne4 Qd8 25. b4 Kg8 26. c3 Nxe4 27. Qxe4 Bf6 28. Bxf6 Qxf6 29. Qe5 Qxe5 30. Rxe5 Rc8 31. Re3 Rc4 32. Kg1 Kf8 33. Kf2 Ke7 34. Ke2 f5 35. Kd3 Rc6 36. c4 Kf6 37. f4 g5 38. fxg5+ hxg5 39. h3 f4 40. Re4 Kf5 41. Rd4 Rc7 42. Rd6 e5 43. Rd5 Re7 44. b5 Rc7 45. b6 Re7 46. Rc5 Re8 47. Rc7 e4+ 48. Ke2 Rb8 49. Re7 e3 50. Kf3 Rc8 51. Rxb7 Rxc4 52. Rc7 Rb4 53. b7 Rb2 54. Rc5+ Kf6 55. Rc6+ Kf5 56. Rc5+ Kf6 57. Rc6+ Kf5 58. Rc5+ Kg6 59. Rc6+ Kf5 1/2-1/2

[Event "GER-chT U10"]
[Site "Magdeburg"]
[Date "2014.12.29"]
[Round "6.3"]
[White "Pietsch, Julius"]
[Black "Lorenz, Keana"]
[Result "1-0"]
[WhiteElo "1009"]
[BlackElo "1089"]
[PlyCount "82"]
[EventDate "2014.12.27"]
[EventType "team-swiss"]
[EventRounds "7"]
[EventCountry "GER"]
[SourceTitle "EXT 2016"]
[Source "ChessBase"]
[SourceDate "2015.10.08"]
[SourceVersion "1"]
[SourceVersionDate "2015.10.08"]
[SourceQuality "1"]
[WhiteTeam "Halle Roter Turm"]
[BlackTeam "Saalfeld"]
[WhiteTeamCountry "GER"]
[BlackTeamCountry "GER"]

1. e4 c5 2. Nf3 d6 3. Bc4 Nf6 4. Nc3 g6 5. d3 Bg7 6. Bf4 0-0 7. Qd2 Nc6 8. Bh6 Nb4 9. Bxg7 Kxg7 10. a3 Nc6 11. 0-0 Bg4 12. Qe3 Bxf3 13. Qxf3 Nd4 14. Qd1 Rb8 15. Qd2 a6 16. b4 cxb4 17. axb4 b5 18. Bd5 Nxd5 19. Nxd5 Rc8 20. Nc3 Rc7 21. Rxa6 Rc8 22. Ra3 Ra8 23. Rxa8 Qxa8 24. Nd5 e6 25. Ne3 Rb8 26. c3 Nb3 27. Qb2 Qa4 28. Rb1 Ra8 29. c4+ Kg8 30. Qxb3 Qxb3 31. Rxb3 bxc4 32. dxc4 Ra1+ 33. Nf1 f5 34. f3 fxe4 35. fxe4 Re1 36. b5 Rxe4 37. b6 Rf4 38. b7 Rf8 39. b8Q Rxb8 40. Rxb8+ Kf7 41. Ne3 Ke7 1-0

[Event "Berlin Spring op-B"]
[Site "Berlin"]
[Date "2014.05.04"]
[Round "7"]
[White "Pietsch, Julius"]
[Black "Kurzweil, Nalani"]
[Result "0-1"]
[WhiteElo "805"]
[BlackElo "1132"]
[PlyCount "120"]
[EventDate "2014.05.01"]
[EventType "swiss"]
[EventRounds "7"]
[EventCountry "GER"]
[SourceTitle "CBM 160 Extra"]
[Source "ChessBase"]
[SourceDate "2014.07.01"]
[SourceVersion "1"]
[SourceVersionDate "2014.07.01"]
[SourceQuality "1"]

1. e4 c5 2. Bc4 e6 3. Nf3 a6 4. a4 d5 5. exd5 exd5 6. Ba2 Nf6 7. c3 Nc6 8. d4 cxd4 9. cxd4 Bb4+ 10. Bd2 Bxd2+ 11. Qxd2 Bg4 12. Qe3+ Qe7 13. Qxe7+ Kxe7 14. 0-0 Bxf3 15. gxf3 Nxd4 16. Re1+ Kd7 17. Kg2 Nc2 18. Nc3 Nxa1 19. Rxa1 d4 20. Ne4 Nxe4 21. fxe4 Ke7 22. Rd1 Rhe8 23. Rxd4 Kf8 24. f3 Rad8 25. Rxd8 Rxd8 26. Bd5 b5 27. axb5 axb5 28. b4 Rc8 29. Kg3 Rc2 30. Bc6 Rb2 31. Bxb5 Rxb4 32. Bd3 Ke7 33. Kf4 Rb3 34. Bc4 Rc3 35. Ba2 Rc2 36. Bb1 Rxh2 37. e5 Ke6 38. Bf5+ Kd5 39. Be4+ Kd4 40. Kg3 Rh1 41. Kf4 g6 42. Bc2 Rh5 43. Be4 Rxe5 44. Bc2 Rc5 45. Bb3 f5 46. Bg8 h6 47. Bf7 g5+ 48. Kg3 Rc3 49. Kf2 Ke5 50. Bg6 Kf4 51. Bh5 Rc2+ 52. Ke1 Rh2 53. Bg6 Rh3 54. Bf7 Kxf3 55. Bd5+ Ke3 56. Ba8 g4 57. Kf1 f4 58. Kg2 f3+ 59. Kg1 g3 60. Kf1 Rh1# 0-1

[Event "Berlin Spring op-B"]
[Site "Berlin"]
[Date "2014.05.02"]
[Round "3"]
[White "Pietsch, Julius"]
[Black "Brosius, Rene"]
[Result "1-0"]
[WhiteElo "805"]
[BlackElo "1222"]
[PlyCount "105"]
[EventDate "2014.05.01"]
[EventType "swiss"]
[EventRounds "7"]
[EventCountry "GER"]
[SourceTitle "CBM 160 Extra"]
[Source "ChessBase"]
[SourceDate "2014.07.01"]
[SourceVersion "1"]
[SourceVersionDate "2014.07.01"]
[SourceQuality "1"]

1. e4 e5 2. Nf3 Nc6 3. Bc4 Nf6 4. Ng5 d5 5. exd5 Nxd5 6. d3 Be7 7. Ne4 Bf5 8. 0-0 a6 9. c3 b5 10. Bb3 Bg6 11. Qf3 Nf6 12. Nxf6+ gxf6 13. Qxc6+ Kf8 14. Bh6+ Kg8 15. Nd2 Bf8 16. Bxf8 Kxf8 17. Bd5 Kg7 18. Qxa8 Qxa8 19. Bxa8 Rxa8 20. d4 Bd3 21. Rfe1 Re8 22. Rad1 Bc2 23. Rc1 Bd3 24. Nf3 Bf5 25. dxe5 Bd7 26. Rcd1 Bc6 27. exf6+ Kxf6 28. Rxe8 Bxe8 29. Re1 Bc6 30. b3 Kf5 31. h3 Be4 32. g4+ Kf4 33. Nd2 Bd3 34. Re3 Bg6 35. Kg2 Kg5 36. Ne4+ Bxe4+ 37. Rxe4 Kh4 38. Re7 c5 39. Rxf7 c4 40. b4 h5 41. f3 hxg4 42. fxg4 a5 43. Rg7 axb4 44. Kf1 bxc3 45. Ke1 c2 46. Kd2 c3+ 47. Kxc2 b4 48. g5 Kxh3 49. Rb7 Kg4 50. g6 Kf4 51. Rd7 Kf5 52. g7 Ke4 53. g8Q 1-0

[Event "GER-chT U10"]
[Site "Magdeburg"]
[Date "2013.12.28"]
[Round "5.4"]
[White "Pietsch, Julius"]
[Black "Farhoudah, Majd"]
[Result "0-1"]
[WhiteElo "784"]
[BlackElo "1012"]
[PlyCount "122"]
[EventDate "2013.12.27"]
[EventType "team-swiss"]
[EventRounds "5"]
[EventCountry "GER"]
[SourceTitle "EXT 2015"]
[Source "ChessBase"]
[SourceDate "2014.11.20"]
[SourceVersion "1"]
[SourceVersionDate "2014.11.20"]
[SourceQuality "1"]
[WhiteTeam "Doellnitz"]
[BlackTeam "Brackel"]
[WhiteTeamCountry "GER"]
[BlackTeamCountry "GER"]

1. e4 e5 2. Nf3 Nc6 3. Be2 Nf6 4. Nc3 Bc5 5. 0-0 0-0 6. d3 d6 7. Nd5 Nxd5 8. exd5 Nb4 9. d4 exd4 10. Nxd4 Nxd5 11. Nb3 Nf6 12. Nxc5 dxc5 13. Qxd8 Rxd8 14. Bg5 Rd6 15. Bxf6 Rxf6 16. Rad1 Bf5 17. Rd5 b6 18. Rfd1 g6 19. Bf3 Re8 20. h3 Bxc2 21. Rc1 Bf5 22. a3 Bxh3 23. gxh3 Rxf3 24. Kg2 Rf5 25. Rd7 Rc8 26. b4 cxb4 27. axb4 a5 28. bxa5 bxa5 29. Rc4 Rb5 30. Rdd4 c5 31. Re4 Rb4 32. Rxb4 axb4 33. Kf1 Rd8 34. Rc4 Rd4 35. Rxc5 b3 36. Rb5 Rd3 37. Ke2 Rxh3 38. f3 Rh2+ 39. Kd3 Rb2 40. Kc3 Rf2 41. Rxb3 Rxf3+ 42. Kc4 Rxb3 43. Kxb3 h5 44. Kc3 h4 45. Kd2 h3 46. Ke3 h2 47. Kf4 h1Q 48. Ke5 Qf3 49. Kd4 Qe2 50. Kc5 Qd3 51. Kc6 Qd4 52. Kc7 Qd5 53. Kc8 Qd6 54. Kb7 Qc5 55. Ka6 Qb4 56. Ka7 Qb5 57. Ka8 Kf8 58. Ka7 Ke8 59. Ka8 Kd7 60. Ka7 Kc7 61. Ka8 Qb7# 0-1